INFORME FINAL DEL EJERCICIO PROFESIONAL SUPERVISADO REALIZADO EN LA MUNICIPALIDAD DE SANTA MARÍA CAHABÓN, ALTA VERAPAZ./ (Registro nro. 2062)

Detalles MARC
000 -LEADER
campo de control de longitud fija 03224nam a22003257a 4500
001 - NÚMERO DE CONTROL
campo de control TIC 0027
003 - IDENTIFICADOR DE NÚMERO DE CONTROL
campo de control gtcocun
005 - FECHA Y HORA DE LA ÚLTIMA TRANSACCIÓN
campo de control 20250922191024.0
006 - CÓDIGOS DE INFORMACIÓN DE LONGITUD FIJA--CARACTERÍSTICAS DEL MATERIAL ADICIONAL
campo de control de longitud fija a||||gr|||| 00| 0
007 - CAMPO FIJO DE DESCRIPCIÓN FÍSICA--INFORMACIÓN GENERAL
campo de control de longitud fija ta
008 - DATOS DE LONGITUD FIJA--INFORMACIÓN GENERAL
campo de control de longitud fija 250922b2023 gt ||||| m||| 00| 0 eng d
040 ## - FUENTE DE CATALOGACIÓN
Centro catalogador/agencia de origen gtcocun
Lengua de catalogación SPA
Centro/agencia transcriptor gtcocun
Normas de descripción RDA
041 ## - CÓDIGO DE IDIOMA
Código de lengua del texto/banda sonora o título independiente SPA TIC 0027
084 ## - OTRO NÚMERO DE CLASIFICACIÓN
Número de control del registro de autoridad o número normalizado TIC 0027
100 ## - ENTRADA PRINCIPAL--NOMBRE DE PERSONA
Nombre de persona Alvarado Bermúdez, Brayan Yosue
Término indicativo de función/relación Autor
245 ## - MENCIÓN DEL TÍTULO
Título INFORME FINAL DEL EJERCICIO PROFESIONAL SUPERVISADO REALIZADO EN LA MUNICIPALIDAD DE SANTA MARÍA CAHABÓN, ALTA VERAPAZ./
Mención de responsabilidad, etc. Brayan Yosue Alvarado Bermúdez.
Medio Impreso
264 ## - PRODUCCIÓN, PUBLICACIÓN, DISTRIBUCIÓN, FABRICACIÓN Y COPYRIGHT
Producción, publicación, distribución, fabricación y copyright Cobán, Alta Verapaz:
Nombre del de productor, editor, distribuidor, fabricante Universidad de San Carlos de Guatemala, Centro Universitario del Norte, Ingeniería Civil
Fecha de producción, publicación, distribución, fabricación o copyright 2023
300 ## - DESCRIPCIÓN FÍSICA
Extensión 177 p.:
Otras características físicas Ilustraciones, gráficas.
Dimensiones 28 cm;
336 ## - TIPO DE CONTENIDO
Fuente rdacontenido
Término de tipo de contenido Texto
Código de tipo de contenido txt
337 ## - TIPO DE MEDIO
Fuente rdamedio
Nombre/término del tipo de medio Computadora
Código del tipo de medio n
338 ## - TIPO DE SOPORTE
Fuente rdasoporte
Nombre/término del tipo de soporte Código en línea
Código del tipo de soporte cr
502 ## - NOTA DE TESIS
identificador de la tesis TIC 0027
502 ## - NOTA DE TESIS
Nota de tesis Tesis de grado
Tipo de título Ingeniería Civil,
Nombre de la institución que otorga el título Universidad de San Carlos de Guatemala, Centro Universitario del Norte, Ingeniería Civil
Año de obtención del título 2023
Identificador de la tesis TIC 0027
520 14 - RESUMEN, ETC.
Sumario, etc. El proceso del Ejercicio Profesional Supervisado EPS se realizó en el municipio de Santa María Cahabón, Alta Verapaz, se elaboró un diagnóstico para determinar las necesidades, condiciones y parámetros de diseño de proyecto; para así brindar una posible solución a las necesidades encontradas. Con el apoyo de los habitantes de las comunidades<br/>circunvecinas se priorizó la necesidad de un puente vehicular y peatonal para la comunidad de Nueva Agua Caliente, además de una solicitud de una carretera de terracería para la comunidad de San Pedro Chichaj a las instancias correspondientes, para vía de<br/>comunicación accesible; no obstante, se elaboró un plan de trabajo para determinar el tiempo de elaboración de diseño y normativas a seguir para su diseño.<br/><br/>El proyecto consiste en tener un punto de unión y paso en la red vial para la trasportación en general y para el desarrollo de los pobladores, se basa en el diseño de un puente vehicular<br/>de concreto armado de 1 vía para la comunidad de Nueva Agua Caliente, se consideró la carga de diseño según lo establecido por la norma AGIES 5.2 para puentes; para el diseño de cada elemento estructural se utilizaron los lineamientos de la norma ACI 318-19 y el análisis como el diseño de las cargas será en base a la norma AASHTO Standard 2002, en<br/>la infraestructura.<br/><br/>Para el diseño de la apertura de carretera rural de la comunidad de San Pedro Chichaj, se elaboró con los requerimientos de la Dirección General de Caminos, por lo que consideró una carretera con una longitud de 3 369.11 metros lineales; proyecto que beneficiará a los<br/>habitantes, permitirá acceso vial al caserío y brindará alternativas de servicios básicos.
650 ## - PUNTO DE ACCESO ADICIONAL DE MATERIA--TÉRMINO DE MATERIA
Fuente del encabezamiento o término LEMB
Término de materia o nombre geográfico como elemento de entrada Santa María Cahabón, Alta Verapaz
Subdivisión general Ingeniería
-- Lineamientos
-- Normativa
-- Proyecto
-- Diseño
-- Infrastructura
700 ## - ENTRADA AGREGADA--NOMBRE PERSONAL
Nombre de persona Inga. Civil Sindry Yaneth Pacay Morales
Término indicativo de función/relación Asesor
856 ## - LOCALIZACIÓN Y ACCESO ELECTRÓNICOS
Identificador Uniforme de Recurso <a href="https://drive.google.com/file/d/1l3d-HgJCZjyBz9d6rLzHnNVSejt73S20/view">https://drive.google.com/file/d/1l3d-HgJCZjyBz9d6rLzHnNVSejt73S20/view</a>
Texto de enlace PDF
Nota pública Un ejemplar en línea.
942 ## - ELEMENTOS DE ENTRADA SECUNDARIOS (KOHA)
Fuente de la clasificación o esquema de estantería Clasificación Decimal Dewey
Tipo de ítem Koha TESIS
Parte de la signatura que identifica el ejemplar (Parte del ítem) TIC 0027
Prefijo de la signatura Clasificación
Suprimir en OPAC No
-- TIC_0027_000000000000000
Existencias
Estatus retirado Estado de pérdida Fuente de la clasificación o esquema de estantería Estado de daño No para préstamo Colección Biblioteca de origen Biblioteca actual Ubicación en estantería Fecha de adquisición Número de inventario Total de préstamos Signatura topográfica completa Código de barras Visto por última vez Precio de reemplazo Tipo de ítem Koha
    Clasificación Decimal Dewey     tesis BIBLIOTECA- CUNOR -JOSÉ LUIS GONZALES ROSALES BIBLIOTECA- CUNOR -JOSÉ LUIS GONZALES ROSALES Colección tesis 16/09/2025 TIC 0027   TIC 0027 TIC 0027 16/09/2025 16/09/2025 TESIS